Statistiche per Riconosci il Calciatore - Quiz n°65

Clicka qui per fare il quiz!

Statistiche generali

  • Questo quiz è stato fatto 7 volte
  • Il punteggio medio è 16 su 23

Statistiche sulle risposte

IndizioRisposta% Corretto
NazionalitàBelgio
100%
Squadra di club 10Bhayangkara 2023-
100%
RuoloCentrocampista
100%
Squadra di club 1Piacenza 2005-2010
100%
Trofei per club0
80%
Trofei per nazionali0
80%
Data di nascita04/05/1988
80%
Squadra di club 9SPAL 2023-2023
80%
Altezza178 cm
60%
Presenze in nazionale30
60%
Presenze nei club571
60%
Gol in nazionale6
60%
Gol nei club65
60%
Peso84 kg
60%
Squadra di club 8Anversa 2021-2023
60%
Squadra di club 2Cagliari 2010-2014
60%
Squadra di club 5Cagliari 2019-2020
60%
Squadra di club 7Cagliari 2021-2021
60%
Trofei individualiGran Galà del calcio AIC: 4
Squadra dell'anno: 2015, 2016, 2017, 2018
Pro League: 1
Anversa: 2022-23
60%
Squadra di club 4Inter 2018-2019
60%
Squadra di club 6Inter 2020-2021
60%
CalciatoreRadja Nainggolan
60%
Squadra di club 3Roma 2014-2018
60%

Distribuzione punteggi

Percentile per numero di risposta

Percentuale di utenti per punteggio

I tuoi punteggi nel tempo

Non hai fatto questo quiz